| 000 | 00862cab a2200217 4500 | ||
|---|---|---|---|
| 001 | ABS42114 | ||
| 008 | 970403 19900208 f 000 0 eng d | ||
| 035 | _a(Sirsi) u34789 | ||
| 041 | 0 | _aeng | |
| 100 | 1 | _aMillett, C. | |
| 245 | 0 | 0 | _aGlulam shows its strength |
| 260 | _c1990 | ||
| 350 | _a0 | ||
| 490 | 0 |
_aBuilding Today _v199(5842) 8 February 1990, 26-27(2) |
|
| 520 | _aGlulam, glued laminated timber is being used in increasing quantities in the UK. It is flexible strong and cheaper to use than reinforced concrete and steel. Its application and handling are discussed. | ||
| 520 | _aThis article is no longer held by the RICS Library but may be available on inter-library loan. Please ask Library staff for details. | ||
| 651 | 4 |
_aUnited Kingdom _y |
|
| 690 | _aBUILT ENVIRONMENT-BUILDING MATERIALS-TIMBER | ||
| 942 | _n0 | ||
| 948 | _c04/03/1997 | ||
| 999 |
_c22964 _d22964 |
||